Quizzes
Events
Quiz Creation
Community
Videos
Private Events
Remove Ads
Sign In
Join for FREE
Feedback
Dark Mode
Quiz Categories
Sports
Geography
Music
Movies
Television
Just For Fun
Miscellaneous
History
Literature
Language
Science
Gaming
Entertainment
Religion
Holiday
For Kids
Quiz Lab
Recent
Popular Today
Quiz Kudos Today
Editor Picks
Curator Picks
Quizzes by...
Day
Popularity
Type
Ratings
Length
Year
Community
Subscriptions
Recent Discussions
Orange Saloon
Badges
Playlists
Quests
Create
Leaderboards
Showdown
Live 5
Trivia Bingo
Activity
Puzzle Library
Sporcle Events
Private Events
Virtual Trivia
Globe League
Become a Host
Pub Owners
SporcleCon
Opinionation
Our Games
Videos
Blog
Mobile Apps
Partnerships
Remove Ads and Go Orange
Feedback
Sports
Athletes
MLB
NBA
NHL
NFL
Soccer
Sports Teams
WWE
NCAA
Football
Premier League
Basketball
Baseball
Hockey
Golf
Tennis
Cricket
Rugby
Auto Racing
Olympics
World Cup
Sports
Athletes
MLB
NBA
NHL
NFL
Soccer
Sports Teams
WWE
NCAA
Football
Premier League
Basketball
Baseball
Hockey
Golf
Tennis
Cricket
Rugby
Auto Racing
Olympics
World Cup
Random Quiz
Search Sporcle
×
Quiz Lab
Quiz Lab
Sports
NBA
Type in answers that appear in a list
Type in answers that appear in a list
Classic
Best Score? Go Orange.
Active NBA Players who have been All-Stars (2022-2023) Stats
Can you name the active NBA All-Stars as of the 2022-2023 season?
By
bgriffin00
6m
68 Questions
13.5K Plays
13,507 Plays
13,507 Plays
Comments
Comments
Give Quiz Kudos
Give Quiz Kudos
-
- Ratings
hide this ad
Replay
Link that replays current quiz
Next Quiz
Link to next quiz in quiz playlist
You Got
0%
They Got
Avg Score
74%
Avg Friend Score
Upgrade to see
Score Distribution
Jump to the score distribution portion of the page
Score
0/68
Timer
06:00
1
Play Today
Team
Player
% Correct
76ers
Joel Embiid
98.6%
76ers
James Harden
98%
Celtics
Jayson Tatum
97.3%
Celtics
Jaylen Brown
96.9%
Warriors
Stephen Curry
94.3%
Heat
Jimmy Butler
94.1%
Hawks
Trae Young
93.7%
Bulls
Zach Lavine
93.5%
Mavericks
Luka Doncic
93.5%
Knicks
Julius Randle
93.4%
Celtics
Al Horford
93.2%
Wizards
Bradley Beal
92.9%
Bulls
DeMar DeRozan
92.8%
Warriors
Klay Thompson
92.8%
Warriors
Draymond Green
92.7%
Nuggets
Nikola Jokic
92.7%
Bucks
Khris Middleton
92.6%
Clippers
Kawhi Leonard
92.3%
Raptors
Pascal Siakam
92.3%
Clippers
Paul George
92.3%
Timberwolves
Karl Anthony-Towns
92.2%
Bucks
Giannis Antetokounmpo
91.9%
Grizzlies
Ja Morant
91.5%
Lakers
LeBron James
91.3%
Hornets
LaMelo Ball
91.2%
Suns
Devin Booker
90.2%
Bucks
Jrue Holiday
89.8%
Suns
Chris Paul
89.5%
Pelicans
Zion Williamson
89.4%
Trail Blazers
Damian Lillard
89.1%
Heat
Bam Adebayo
88.3%
Cavaliers
Darius Garland
88%
Pelicans
Brandon Ingram
87.7%
Mavericks
Kyrie Irving
87.1%
Team
Player
% Correct
Hawks
Dejounte Murray
86.7%
Thunder
Shai Gilgeous-Alexander
86.6%
Kings
De'Aaron Fox
86.3%
Suns
Kevin Durant
86.3%
Heat
Kyle Lowry
86.3%
Timberwolves
Rudy Gobert
86.2%
Raptors
Fred Van Vleet
85.4%
Lakers
D'Angelo Russell
84.3%
Bucks
Brook Lopez
84.3%
Bulls
Nikola Vucevic
84%
Nets
Ben Simmons
84%
Kings
Domantas Sabonis
82.9%
Grizzlies
Jaren Jackson Jr.
82.5%
Cavaliers
Jarrett Allen
82.2%
Pacers
Tyrese Haliburton
81.8%
Timberwolves
Anthony Edwards
81.8%
Knicks
Derrick Rose
79.8%
Hornets
Gordon Hayward
79.7%
Clippers
Russell Westbrook
79.7%
Warriors
Andrew Wiggins
77.5%
Cavaliers
Donovan Mitchell
77.5%
Wizards
Kristaps Porzingis
76.5%
Lakers
Anthony Davis
74.9%
Jazz
Lauri Markkanen
70.7%
Warriors
Andre Iguodala
69%
Clippers
John Wall
65.5%
Timberwolves
Mike Conley
65.3%
Heat
Kevin Love
64.3%
Celtics
Blake Griffin
62%
Bulls
Andre Drummond
59.3%
Nuggets
DeAndre Jordan
55.3%
Heat
Victor Oladipo
49.9%
76ers
Paul Millsap
47.8%
Bulls
Goran Dragic
44.6%
Quiz Playlist
Details
Report
Send in Message
Add To Playlist
Classic:
Type in answers that appear in a list
Last Updated: Feb 9, 2023
Quiz Scoreboard
CHALLENGE
Sign Up to Join the Scoreboard
Show All
Scores
Hide
Comments
May contain spoilers
Recently Published
NBA Finals Game Top Scorers (2010s)
by flibbidy
Sports
5m
Guess the 'R' Things in 3 Words
by MSUKent
Miscellaneous
3m
Actor to Badly Drawn Movie III
by MoMosMoProblems
Movies
5m
More to Explore
Quiz From the Vault
Featured Blog Post
Where Does Lost Luggage Go?
hide this ad
You Might Also Like...
Tags
Basketball Quiz
NBA Quiz
Active
All-Star
Kobe Bryant
LeBron James
NBA All-Star
NBA Draft
NBA Finals
NBA MVP
NBA Player
NBA Playoffs
Player
Player of the Year
Today's Top Quizzes in Sports
Browse Sports
hide this ad
Today's Top Quizzes in NBA
Browse NBA
Top Contributed Quizzes in Sports
1
Les joueurs à 100 buts en Ligue 1 Uber Eats
2
2022 World Cup Stars
3
2024 March Madness Bracket
4
Millionaire: NBA Finals Edition
5
Players with Multiple 50 Home Run Seasons
6
Nickname Match: Athletes VI
7
Criteria MLB: Left Handed Sluggers
8
Iconic Moments in Football - Multiple Choice
9
NFL MVPs ordered
10
First NBA MVP by Team
Explore More
Trending Topics
NBA
Marvel
Crossword
Anime
Harry Potter
Disney
Kpop
Country
Pokémon
NFL
Soccer
The Office
Puzzle
Song
WWE
hide this ad
More By:
bgriffin00
Quiz
Plays
Rating
Category
Featured
Created
WWE Champions Minefield
38,184
2.72
Sports
Jul 24, 2011
VH1 Top 100 Artists Minefield
20,520
3.53
Music
Aug 27, 2011
NBA Players >15 million
16,868
3.97
Sports
Jun 19, 2012
Active NBA Players who have been All-Stars (2022-2023)
13,507
4.63
Sports
Mar 28, 2013
WWE Most Wins by Year 2000-2023
9,604
4.63
Sports
Jul 27, 2019
Go to Creator's Profile
Score Distribution
Quiz Creator Spotlight
bgriffin00
Follow
Send a Message
Quizzes Created
-
Created Quiz Play Count
-
More By This Creator
Popular Quizzes Today
1
Find the US States - No Outlines Minefield
2
Find the US States
3
The Countries of the World
4
10 Largest US States in Order
5
Find the Countries of Europe - No Outlines Minefield
6
US States
7
Guess the 'R' Things in 3 Words
8
NBA Finals Game Top Scorers (2010s)
More Sports Quizzes
Tour de France Vainqueurs Quiz Logique
Quiz Lab
Trending Quizzes
First Name TV: Leading Men
First Name TV: Leading Women Drama
Match the Book to the Film II
3-Word Movies in 1 Word II
Match the Book to the Film VI
Recently Updated
Women's Final Four Teams by Year
bhenderson79
Presidents Quartet II
eogle
Anything But Clue(do)
eogle
Anything But Oceanian Capitals
eogle
Anything But 7
eogle
Anything But Thing
eogle
Word Ladder: February 29
pecheneg
Song Title Questions
pecheneg
Women's NCAA Tournament #1 Seeds
pecheneg
Celebrity Mug Shots
pecheneg
Trending Topics
Crossword
Disney
Harry Potter
Kpop
NBA
Marvel
Anime
NFL
WWE
Pokémon
Puzzle
Song
The Office
Country
Soccer
Your Account Isn't Verified!
In order to create a playlist on Sporcle, you need to verify the email address you used during registration. Go to your
Sporcle Settings
to finish the process.
Report this User
Report this user for behavior that violates our
Community Guidelines
.
Details:
Send Report
Go to the Sporcle.com Mobile Site →
Comments